[Event "1st Samba Cup"]
[Site "Skanderborg DEN"]
[Date "2003.10.17"]
[Round "7"]
[White "Ivanchuk, V."]
[Black "Sadvakasov, D."]
[Result "0-1"]
[WhiteElo "2710"]
[BlackElo "2595"]
[PlyCount "100"]
[EventDate "2003.10.10"]

1. d4 Nf6 2. c4 e6 3. Nf3 b6 4. a3 Bb7 5. Nc3 d5 6. Bg5 Be7 7. Bxf6 Bxf6 8.
cxd5 exd5 9. Qb3 Nc6 10. O-O-O Ne7 11. g4 g6 12. h4 Qd6 13. e3 a6 14. h5 O-O
15. Be2 Bg7 16. Kb1 Rab8 17. Rd2 c5 18. Qd1 c4 19. hxg6 fxg6 20. e4 Qf4 21. g5
b5 22. e5 Bc8 23. Rh4 Bg4 24. Ka1 Qf5 25. Ne1 Bxe2 26. Qxe2 Qxg5 27. Rg4 Qf5
28. Nc2 a5 29. a4 Bh6 30. f4 Bxf4 31. Rxf4 Qxf4 32. axb5 Qf1+ 33. Ka2 Qxe2 34.
Rxe2 Rf4 35. Ka3 Kf7 36. Ka4 Ke6 37. Kxa5 Nf5 38. b6 Nxd4 39. Nxd4+ Rxd4 40.
Ka6 Rf4 41. Ka7 Rg8 42. Nb5 Re4 43. Rd2 Kxe5 44. b7 Re3 45. Nc3 d4 46. Nb5 d3
47. Nc3 Kd4 48. b8=Q Rxb8 49. Kxb8 Re2 $1 {
Certainly the most beautiful way to win} 50. Nxe2+ (50. Rxe2 dxe2 51. Nxe2+ Kd3
52. Nc3 h5 {emphasizes White's hopeless situation}) 50... Ke3 {Amazing: White
has a rook and a knight for three black pawns, but is helpless to do anything
to prevent the immediate loss. Ivanchuk resigned.} (50... Ke3 51. Rd1 Kxe2 52.
Rh1 d2) 0-1

[Event "1st Samba Cup"]
[Site "Skanderborg DEN"]
[Date "2003.10.17"]
[Round "7"]
[White "Palo, D."]
[Black "Nielsen, PH."]
[Result "0-1"]
[WhiteElo "2510"]
[BlackElo "2626"]
[PlyCount "68"]
[EventDate "2003.10.10"]

1. d4 d5 2. c4 c6 3. Nf3 Nf6 4. Nc3 e6 5. e3 Nbd7 6. Qc2 Bd6 7. g4 Bb4 8. Bd2
Qe7 9. Rg1 Bxc3 10. Bxc3 Ne4 11. cxd5 exd5 12. Bd3 O-O 13. O-O-O Re8 14. Be1 c5
15. Kb1 c4 16. Bxe4 dxe4 17. Ne5 Nxe5 18. dxe5 Qxe5 19. Qxc4 Qxh2 20. Bc3 Be6
21. Qd4 Qh6 22. g5 Qg6 23. Ka1 b6 24. Qd6 Rac8 25. Kb1 a5 26. Ka1 b5 27. Bxa5
Ra8 28. Qb4 Bxa2 29. Kxa2 Qb6 30. Rd6 Rxa5+ 31. Kb3 Qc7 32. Rgd1 Rc8 33. Qc3 {
Nigel asked us to find the correct move here. We though for minutes but could
not find theincredible} Ra3+ $3 34. Kxa3 Qa7+ {with mate to follow.} (34...
Qa7+ 35. Ra6 (35. Kb3 Qa4#) (35. Kb4 Qa4#) 35... Qxa6+ 36. Qa5 Qxa5+ 37. Kb3
Qa4#) 0-1